Вып. 111; В помощь радиолюбителю

Podrobná bibliografie
Parent link:В помощь радиолюбителю: сборник. Вып. 111.— , 1956-1992
Další autoři: Алексеева И. Н. Ирина Николаевна (составитель)
Jazyk:ruština
Vydáno: 1991
Témata:
Médium: Kniha
KOHA link:https://koha.lib.tpu.ru/cgi-bin/koha/opac-detail.pl?biblionumber=56459

MARC

LEADER 00000nam2a2200000 4500
001 56459
005 20231031053451.0
035 |a (RuTPU)RU\TPU\book\59304 
035 |a RU\TPU\book\59299 
090 |a 56459 
100 |a 20030930d1991 km y0rusy50 ca 
101 0 |a rus 
102 |a RU 
105 |a a gz 000zy 
200 0 |a Вып. 111  |f сост. И. Н. Алексеева 
210 |d 1991 
215 |a 80 с.  |c ил. 
461 1 |0 (RuTPU)RU\TPU\book\199930  |t В помощь радиолюбителю  |o сборник  |v Вып. 111  |d 1956-1992 
610 1 |a радиоэлектроника 
610 1 |a электроника 
610 1 |a полупроводниковые приборы 
610 1 |a транзисторы 
610 1 |a оптоэлектронные приборы 
610 1 |a справочные материалы 
610 1 |a справочники 
675 |a 621.396  |v 3 
702 1 |a Алексеева  |b И. Н.  |g Ирина Николаевна  |4 220 
801 1 |a RU  |b 63413507  |c 20030929  |g PSBO 
801 2 |a RU  |b 63413507  |c 20150615  |g PSBO 
942 |c BK